000 00679nam a22002297a 4500
003 UA-OsUOA
001 39170
007 ta
008 20060613b un ||||| |||| 00| 0 ukr d
100 _aИванов В.В.
090 _a81,36-161.1
_bИ20
942 _cBK
040 _aUA-OsUOA
_brus
_cUA-OsUOA
_dUA-OsUOA
245 _aИсторическая грамматика русского языка
300 _a399 с.
955 _a2
041 _arus
080 _a81,36-161.1
260 _aМ.
_bПросвещение
_c1983
650 7 _a8 Мовознавство. Художня література. Літературознавство
_2UDC
999 _c325297
_d325297